000 00508nam a2200169 a 4500
001 000025965
005 20200930024205.0
008 110224s1987 ve r 000 0 spa d
020 _a9806102169
040 _aDO-SdBNP
_bspa
_cBNPHU
082 _aNNN
_bC146e
100 1 _aCaldera, Rafael,
_c1916-2009.
_935475
245 1 0 _aEspecificidad de la democracia cristiana /
_cRafael Antonio Caldera Rodríguez.
260 _aCaracas, (Venezuela) :
_b[s. n.],
_c1987.
300 _a146 p. ;
_c121 cm.
049 _aBNGR
999 _c25457
_d25457